Consultation on air transport launched (Record no. 70882)

MARC details
000 -LEADER
fixed length control field 00929cam a2200205 4500
001 - CONTROL NUMBER
control field WB3828-21
008 - FIXED-LENGTH DATA ELEMENTS--GENERAL INFORMATION
fixed length control field 020801n2002 000 0 eng u
035 ## - SYSTEM CONTROL NUMBER
System control number (Sirsi) u119158
245 ## - TITLE STATEMENT
Title Consultation on air transport launched
260 ## - PUBLICATION, DISTRIBUTION, ETC.
Date of publication, distribution, etc. 2002
490 ## - SERIES STATEMENT
Series statement Department of Transport Press Notice
Volume/sequential designation (024) 23 July 2002, (2)
520 ## - SUMMARY, ETC.
Summary, etc. Transport Secretary Alistair Darling has launched a public debate on future of air transport and to develop 30 years strategy. Number of airports and runways look set to expand in response to increased demand for air travel. Information about consultation process and copies of all consultation documents can be found at www.airconsult.gov.uk Press Release www.dft.gov.uk/news/0207/0024.htm
590 ## - LOCAL NOTE (RLIN)
Local note WB
650 ## - SUBJECT ADDED ENTRY--TOPICAL TERM
Topical term or geographic name entry element AIRPORTS
650 ## - SUBJECT ADDED ENTRY--TOPICAL TERM
Topical term or geographic name entry element TRANSPORT POLICIES
650 ## - SUBJECT ADDED ENTRY--TOPICAL TERM
Topical term or geographic name entry element TRANSPORT ISSUES
650 ## - SUBJECT ADDED ENTRY--TOPICAL TERM
Topical term or geographic name entry element CONSULTATION
690 ## - LOCAL SUBJECT ADDED ENTRY--TOPICAL TERM (OCLC, RLIN)
Topical term or geographic name as entry element TRANSPORT AND COMMUNICATION
942 ## - ADDED ENTRY ELEMENTS (KOHA)
Suppress in OPAC 0
Holdings
Withdrawn status Lost status Source of classification or shelving scheme Damaged status Not for loan Home library Current library Shelving location Date acquired Total Checkouts Full call number Barcode Date last seen Copy number Price effective from Koha item type
    Dewey Decimal Classification     London London News article 01/08/2002   WB3828-21 119158-1001 06/08/2019 1 06/08/2019 News article